Introduction to synthetic polymers /
| Main Author: | |
|---|---|
| Format: | Book |
| Language: | English |
| Published: |
Oxford ; New York :
Oxford University Press,
1994.
|
| Subjects: | |
| Online Access: | Table of contents only Publisher description Contributor biographical information |
MARC
| Tag | First Indicator | Second Indicator | Subfields |
|---|---|---|---|
| LEADER | 00000cam a2200000 a 4500 | ||
| 001 | in00001424607 | ||
| 005 | 20151020084311.0 | ||
| 008 | 930429s1994 enka b 001 0 eng | ||
| 010 | |a 93001953 | ||
| 015 | |a GB94-23364 | ||
| 020 | |a 0198553994 : |c $45.00 | ||
| 020 | |a 9780198553991 | ||
| 020 | |a 0198553986 (pbk.) : |c $21.50 | ||
| 020 | |a 9780198553984 (pbk.) | ||
| 035 | |a (OCoLC)28111486 | ||
| 035 | |9 AHR6052AM | ||
| 040 | |a DLC |c DLC |d UKM |d IXA |d PIT |d IOP |d TXA |d UtOrBLW | ||
| 049 | |a TXAM | ||
| 050 | 0 | 0 | |a QD381 |b .C34 1994 |
| 082 | 0 | 0 | |a 547.7 |2 20 |
| 100 | 1 | |a Campbell, Ian M. |q (Ian McIntyre), |d 1941- | |
| 245 | 1 | 0 | |a Introduction to synthetic polymers / |c Ian M. Campbell. |
| 264 | 1 | |a Oxford ; |a New York : |b Oxford University Press, |c 1994. | |
| 300 | |a viii, 213 pages : |b illustrations ; |c 24 cm. | ||
| 336 | |a text |b txt |2 rdacontent | ||
| 337 | |a unmediated |b n |2 rdamedia | ||
| 338 | |a volume |b nc |2 rdacarrier | ||
| 504 | |a Includes bibliographical references (pages [203]-207) and index. | ||
| 650 | 0 | |a Polymers. | |
| 653 | 0 | |a Polymers | |
| 856 | 4 | 1 | |3 Table of contents only |u http://www.loc.gov/catdir/enhancements/fy0640/93001953-t.html |t 0 |
| 856 | 4 | 2 | |3 Publisher description |u http://www.loc.gov/catdir/enhancements/fy0640/93001953-d.html |t 0 |
| 856 | 4 | 2 | |3 Contributor biographical information |u http://www.loc.gov/catdir/enhancements/fy0726/93001953-b.html |t 0 |
| 948 | |a c:jls | ||
| 999 | |a MARS | ||
| 999 | f | f | |s 325e91c6-b37b-33a6-a222-8850850a52fc |i c17ba3d4-910b-3be2-ac81-9ac1fd5d4597 |t 0 |
| 952 | f | f | |p normal |a Texas A&M University |b College Station |c Sterling C. Evans Library |d Evans: Library Stacks |t 0 |e QD381 .C34 1994 |h Library of Congress classification |i unmediated -- volume |m A14823309713 |
| 998 | f | f | |a QD381 .C34 1994 |t 0 |l Evans: Library Stacks |